Paesi con il maggior numero di rappresentanze diplomatiche italiane - Statistics

Statistiche generali
  • Questo quiz è stato fatto 35 volte
  • Il punteggio medio è 28 su 35
Statistiche sulle risposte
Numero Tipo Paese % Corretto
5 Ambasciata, 4 consolati Cina
100%
6 Ambasciata, 5 consolati Francia
100%
16 Ambasciata, 14 consolati, 1 agenzia consolare Germania
100%
9 Ambasciata, 8 consolati Russia
100%
10 Ambasciata, 9 consolati Stati Uniti
100%
4 Ambasciata, 3 consolati Canada
97%
17 Ambasciata, 7 consolati, 1 viceconsolato, 8 agenzie consolari Regno Unito
97%
21 Ambasciata, 9 consolati, 10 viceconsolati, 1 agenzia consolare Spagna
97%
33 Ambasciata, 7 consolati, 12 viceconsolati, 13 agenzie consolari Argentina
94%
10 Ambasciata, 6 consolati, 3 viceconsolati Australia
94%
2 Ambasciata, 1 consolato Giappone
94%
4 Ambasciata, 3 consolati India
94%
5 Ambasciata, 4 consolati Svizzera
94%
7 Ambasciata, 6 consolati Brasile
90%
3 Ambasciata, 2 consolati Turchia
90%
18 Ambasciata, 5 consolati, 3 viceconsolati, 9 agenzie consolari Grecia
87%
7 Ambasciata, 6 consolati Austria
84%
4 Ambasciata, 2 consolati, 1 viceconsolato Albania
77%
2 Ambasciata, 1 consolato Israele
77%
2 Ambasciata, 1 consolato Slovenia
77%
6 Ambasciata, 3 consolati, 2 viceconsolati Sudafrica
77%
3 Ambasciata, 2 consolati Venezuela
77%
6 Ambasciata, 5 consolati Belgio
74%
5 Ambasciata, 1 consolato, 3 viceconsolati Marocco
74%
2 Ambasciata, 1 consolato Arabia Saudita
71%
6 Ambasciata, 4 consolati, 1 viceconsolato Croazia
71%
2 Ambasciata, 1 consolato Iraq
71%
2 Ambasciata, 1 consolato Nigeria
61%
2 Ambasciata, 1 consolato Emirati Arabi Uniti
58%
2 Ambasciata, 1 consolato Pakistan
58%
3 Ambasciata, 2 consolati Bosnia Erzegovina
55%
2 Ambasciata, 1 consolato Vietnam
55%
2 Ambasciata, 1 consolato Bangladesh
48%
2 Ambasciata, 1 consolato Armenia
42%
3 Ambasciata, 2 consolati Bolivia
35%
Nessun quiz corrispondente trovato
Distribuzione punteggi
Percentuale di utenti per punteggio
Percentile per numero di risposta
I tuoi punteggi nel tempo
Non hai fatto questo quiz